000 01271nam a2200349 a 4500
001 000002698
003 DO-SdBNP
005 20150512152139.0
007 000002698
008 090703s2001 dr 000 0 spa d
020 _a9993483966
040 _aBPMET
_cspa
_bBPMET
092 _a972.9362
_bT822m
245 0 0 _aTributos a Moca /
_cJulio Jaime Julia, compilador ;José Rafael Vargas y Tomás Castro Burdiez, editores.
260 _aSanto Domingo :
_bEl Siglo,
_c2001.
300 _a120 p. ;
_c21 cm.
500 _aIncluye índice
500 _aIncluye datos biográficos del compilador en la contracubierta
650 4 _aMOCA (REPÚBLICA DOMINICANA)
_xHISTORIA LOCAL
650 4 _aMOCA (REPÚBLICA DOMINICANA)
_xVIDA SOCIAL Y COSTUMBRES
650 4 _aCIUDADES Y PUEBLOS
_zREPÚBLICA DOMINICANA
700 1 _aJulia, Julio Jaime,
_ccomp.
700 1 _aVargas, José Rafael
_ced.
700 1 _aCastro Burdiez, Tomás
_ced.
910 _aValidado. Control de calidad BNPHU
930 1 _lBND01
_mLF1
_h972.9362
_820090703
_f01
_pCT
_g476
942 _2ddc
_cBK
956 _aSARMENTERO
_b10
_c20090703
_lBND01
_h1224
956 _aKLANTIGUA
_b10
_c20090710
_lBND01
_h1452
956 _aARIVERA
_b10
_c20090904
_lBND01
_h1537
956 _aMMOLINA
_b40
_c20090915
_lBND01
_h1541
999 _c7862
_d7862